000 01164nam a2200301 a 4500
001 BRCA_8254
005 20190320210210.0
008 290514s1689----gw-a###f##---#001-0#ger-#
041 _ager
044 _agw
050 4 _aDD801
_b.R56
_c1689
245 1 0 _aAusführliche und grundrichtige beschreibung des ganzen Rheinstroms
_bkärlich enthalten wo wie und welcher gestalt selbiger
_cIn verlegung Christoff Riegels ; drucks Andreas Knorzen.
260 _aNurenberg, Alemania
_bAndreas Knorzen
_c1689
300 _a1018 p.
_bil.
_c14 cm
500 _aFondo antiguo
500 _aEjemplar se encuentra en caja fuerte
500 _aT-3
500 _aCon Ex-libris de: Franz Mayer
500 _aNota de encuadernación: en piel pergamino, con cantos rojos
500 _aEn la anteportada se localiza un grabado, la página está desprendida
500 _aIncluye índice
506 0 _aFondo reservado: para su consulta es necesario credencial de usuario y carta de motivos
651 4 _aRío Rhin
_vDescripción
_zAlemania
_920604
700 1 _aRiegels, Christoff ed.
_920605
700 1 _aKnorzen, Andreas impr.
_920606
902 _aLAR
942 _2lcc
_cB
999 _c7922
_d7922